Sports Quiz

Random Sports Quiz

Dallas Cowboys Cheerleaders 2010-2019 Quiz Stats

 Plays Quiz not verified by Sporcle

Support Sporcle.
Go Orange.
Score 0/161 Timer 20:00
0 Plays Today
Squad Cheerleader % Correct
2019Kat Puryear
93.5%
2019Victoria Kalina
91.3%
2019Meredith Madden
90.1%
2012-2013Alex Hermes
90%
2013Hannah West
90%
2018-2019Hannah Anderson
90%
2014-2015Victoria Carriere
89.8%
2015Kat Rogers
89.8%
2019Kelcey Wetterburg
89.2%
2013-2015Rachel Lunsford
88.7%
2017-2019Rachel Alexander
88.7%
2018-2019Rachel Wyatt
88.7%
2015-2016Amy Trader
88.3%
2015-2019Amy Leonall
88.3%
2015-2018KaShara Garrett
88.1%
2016-2018Madeline Massingill
88.1%
2018-2019Madeline Molloy
88.1%
2011-2015Holly Hubbard
88%
2015-2016Holly Powell
88%
2017-2019Gina Ligi
86.8%
2017-2019Christina Riccelli
86.6%
2016Heather Hamilton
86.5%
2016-2019Heather O'Connor
86.5%
2019Taylor Pedersen
86.5%
2012-2014Ashley Ferrel
86.4%
2013-2015Ashley Holland
86.4%
2014Ashley Prochazka
86.4%
2018-2019Ashlee Ford
86.4%
2012-2015Kelsey Bond
86.3%
2016-2017Kelsey Lowrance
86.3%
2017-2019Savannah Heineken
85.7%
2019Amanda Dilks
85.6%
2019Lily Johnson
85.6%
2010Meredith Oden
85.6%
2018-2019Brennan Cook
85.1%
2011Jenna Brooks
84.7%
2012-2017Jenna Jackson
84.7%
2017-2019Alexis Peterson
84.6%
2017-2019Molly Neumeister
84.6%
2010Brooke Sorensen
83.9%
2019Lisa Mills
83.8%
2018-2019Briana Baisden
83.4%
2012-2014Jennifer Colvin
83.3%
2013-2016Jennifer Amburn
83.3%
2018-2019Taylor Johnson
82.8%
2014-2018Lacey Munoz
82.6%
2016-2019Tess Guidry
82.5%
2010-2012Cassie Trammell
82.1%
2011Cassie Dyson
82.1%
2016-2018Yuko Kawata
81.7%
2018-2019Caroline Sundvold
81.6%
2018-2019Bridget Jacob
81.5%
2010-2011Kelsi Reich
81.3%
2010-2013Lauren Williams
81.1%
Squad Cheerleader % Correct
2014-2015Loren Roeder
81.1%
2017-2018Lauren Parker
81.1%
2013-2017Jinelle Davidson
80.7%
2010-2011Melissa Kellerman
80.6%
2012-2016Jessica Purdy
80.6%
2013-2014Jessica Kalil
80.6%
2014-2016Melissa Wallace
80.6%
2016-2018Jessika Palmer
80.6%
2011Amber Lea
80.5%
2018-2019Amber McMillan
80.5%
2017Alexandria Stavropoulos
80.1%
2011-2012Alexandra Gandara
80%
2010-2012Meagan McVay
79.7%
2010Meagan Sharp
79.7%
2011Meghan Phillips
79.7%
2015-2016Megan Carcioppolo
79.7%
2017-2019Lexie Sullivan
79.5%
2010Stephanie Heymann
79.3%
2015-2016Stephanie Larson
79.3%
2012-2016Danielle Barhold
79.1%
2018-2019Daphne Janes
78.7%
2019Kristin Dodd
78.3%
2010Olivia Stevanovski
78.2%
2012-2013Olivia Sharber
78.2%
2018Gabby Goduco
78.1%
2010-2011Ann Lux
78%
2016-2018Tasha Cruz
78%
2010-2014Nicole Bulcher
77.6%
2016-2018Kelli Sullivan
77.6%
2018-2019Erin Sauerhage
76.8%
2017Kalyssa Singleton
76.6%
2015-2017Elizabeth Voegtle
76.4%
2018-2019Jalyn Stough
76.3%
2010-2013Mia Greenhouse
76.2%
2010Alyssa Sarasani
76.2%
2011Alyssa Torres
76.2%
2019Chandi Dayle
76.2%
2014-2016Erica Wilkins
76%
2010-2011Ally Traylor
75.7%
2016Allie Droste
75.7%
2010Tia Williams
75.5%
2010Jordan Baum
75.2%
2010Jordan Chanley
75.2%
2012-2014Jordan Daigle
75.2%
2017Keyra Ford
75.2%
2010-2013Jacqueline Bob
75%
2015-2016Jaclyn Tisdale
75%
2010Crystal Trevino
74%
2017Tara Szybillo
73.8%
2010-2011Brittany Evans
73.6%
2011-2014Brittney Schram
73.6%
2013-2014Abby Bertrand
73.6%
2011-2014Emma Dutton
73.2%
2010Michelle Keys
73%
Squad Cheerleader % Correct
2010-2011Kaitlin Ilseng
72.9%
2010Kaitlin LeGrand
72.9%
2012Emily Claire
72.9%
2013Kaitlyn Phillips
72.9%
2016-2018Khalyn Cole
72.8%
2013Morgan Jordan
72.1%
2010-2011Ashton Torres
71.8%
2013-2015Paige Cavalieri
71.8%
2011-2012Courtney Cook
71.6%
2012Chelsea Chaney
71.6%
2013Courtni Shae
71.6%
2014Courtney Russ
71.6%
2011-2014Veronica Lind
70.2%
2016-2017Maggie Rouse
70.2%
2013-2014Samantha Clark
69.8%
2014Breelan Statham
69.5%
2017-2019Miranda Tims
69.4%
2011-2015Angela Nicotera
68.8%
2010Trisha Trevino
68.5%
2014-2015Mary Dill
68.5%
2018-2019Alanna Tarango
68.5%
2010-2012Whitney Isleib
68.1%
2011-2013Mackenzie Weeks
66.7%
2010Evan Anderson
66.6%
2015-2017Robin Richardson
66.2%
2011-2013Amelia Smith
65.8%
2010Carey DePasquale
65.6%
2010Joannah Liad
65.3%
2012-2013Kim Tong
64.7%
2015-2016Raylee Stearman
64.7%
2012-2015Jacie Scott
64.5%
2011-2014Katy Fink
63.8%
2010-2011Sasha Agent
63%
2010Tobie Percival
62.7%
2015-2016Claire Brown
61%
2012Teri George
60.8%
2012Collin Sarvis
59%
2012-2014Jasmine Goode
58.6%
2011-2012Colleen Brent
56.1%
2010-2014Sydney Durso
55.5%
2010-2011Sunni Cranfill
54.8%
2012Kali Drake
54.3%
2015-2016Simone Culwell
53.7%
2018-2019Cianna Levi
53.6%
2016Mandy Voecks
53.3%
2012-2014Kinzie Rusco
52.9%
2016-2017Cersten Bradley
52.9%
2014-2015Caila Sims
52.8%
2016-2017Selina Flores
46%
2015-2017Chantel Jones
44.5%
2016-2017Milan Brahney
44.3%
2011Kamilah Todd
43.1%
2012-2013Carisa McMillan
39.2%

You're not logged in!

Compare scores with friends on all Sporcle quizzes.
OR
Log In

From the Vault

Countries of Europe by Subdivisions

by Forgingiron

Decentralization can be important. Like for creating trivia quizzes.
Remove Ads.
Support Sporcle.
Get the best of Sporcle when you Go Orange. This ad-free experience offers more features, more stats, and more fun while also helping to support Sporcle. Thank you for becoming a member.

Show Comments

Extras

Top Quizzes Today


Score Distribution

Your Account Isn't Verified!

In order to create a playlist on Sporcle, you need to verify the email address you used during registration. Go to your Sporcle Settings to finish the process.

Report this User

Report this user for behavior that violates our Community Guidelines.

Details: